| 000 | 00602nam a2200205 a 4500 | ||
|---|---|---|---|
| 005 | 20140310183243.0 | ||
| 008 | 040819s19uu xx 00 eng d | ||
| 020 | _a0816050708 | ||
| 050 |
_aPN 2042 _b.So68 2004 |
||
| 100 | _aSova, Dawn B. | ||
| 245 |
_aBanned plays : _bcensorship histories of 125 stage dramas. |
||
| 260 |
_aU.S.A : _bCheckmark Books, _c2004. |
||
| 300 |
_a400 p.: _bill. ; _c23 cm. |
||
| 500 | _aIncludes bibliography and index. | ||
| 521 | _aMC | ||
| 650 |
_aDrama _xCensorship _xHistory. |
||
| 650 |
_aTheater _xCensorship _xHistory. |
||
| 942 |
_cBK _2lcc _kFOR |
||
| 999 |
_c20644 _d20644 |
||